Sổ tay sản xuất trái cây theo tiêu chuẩn GAP

Đã lưu trong:
書目詳細資料
主要作者: Nguyễn, Minh Châu
格式: 圖書
語言:Undetermined
出版: Hà Nội Nông nghiệp 2007
主題:
標簽: 添加標簽
沒有標簽, 成為第一個標記此記錄!
Thư viện lưu trữ: Trung tâm Học liệu Trường Đại học Cần Thơ
LEADER 00670nam a2200217Ia 4500
001 CTU_127523
008 210402s9999 xx 000 0 und d
082 |a 641.1 
082 |b Ch125 
100 |a Nguyễn, Minh Châu 
245 0 |a Sổ tay sản xuất trái cây theo tiêu chuẩn GAP 
245 0 |c Nguyễn Minh Châu 
260 |a Hà Nội 
260 |b Nông nghiệp 
260 |c 2007 
526 |a Thực hành nông nghiệp tốt (GAP),Global-GAP 
526 |b NN390,NN668 
650 |a Fruit,Food 
650 |x Preservation,Preservation 
904 |i Nguyên 
980 |a Trung tâm Học liệu Trường Đại học Cần Thơ